Ancient Places by Current Location - Statistics

General Stats
  • This quiz has been taken 18 times
  • The average score is 20 of 26
Answer Stats
Hint Answer % Correct
Lesbos Greece
100%
Knossos Greece
100%
Rhodes Greece
100%
Thebes Greece/Egypt
100%
Babylon Iraq
100%
Nazareth Israel
100%
Byzantium Türkiye
100%
Memphis Egypt
94%
Alexandria Egypt
94%
Corinth Greece
94%
Thessalonica Greece
94%
Ur Iraq
94%
Carthage Tunisia
94%
Petra Jordan
88%
Delphi Greece
82%
Syracuse Italy
82%
Antioch Türkiye
76%
Tyre Lebanon
71%
Pergamon Türkiye
53%
Hippo Algeria
47%
Cyrene Libya
47%
Sinope Türkiye
47%
Massilia France
41%
Taras Italy
35%
Saguntum Spain
29%
Leptis Libya
24%
No matching quizzes found
Score Distribution
Percent of People with Each Score
Percentile by Number Answered
Your Score History
You have not taken this quiz